Responses for show #7356 - Monday, September 12, 2016

First game of Season 33.
New title graphics.
New Jeopardy! Round dollar value loading sound effect.
"Jeopardy!" bug replaced with "#Jeopardy!"

Contestants

Annie Busiek, a copywriter from Chicago, Illinois

David Gottdenker, a technology consulting manager from Marlboro, New Jersey

Courtney Paulson, a graduate assistant from Los Angeles, California (whose 1-day cash winnings total $11,700)

Jeopardy! Round responses

U.S. CABINET DEPARTMENTS
"BEST" WISHES
COLLEGE FOOTBALL
THE QUEEN'S EXPIRATION DATE
I LIKE YOUR COLÓN
IT'S INTOXICATING
    $200 1
the Department of State

Courtney
    $200 6
the best-case scenario

David
    $200 11
the Big Ten

Annie
    $200 12
Cleopatra

Courtney
    $200 22
(Alex: The big dig, of course, took place in [*], the canal.)

Panama

Triple Stumper
    $200 17
scotch

Annie
    $400 2
the Department of Energy

Courtney
    $400 7
Best Buy

Annie
    $400 24
Arizona State

Courtney
    $400 13
Marie Antoinette

David
    $400 23
Costa Rica

Courtney
    $400 18
Dom Perignon

Courtney
    $1,000 3
the Department of Veterans Affairs

Courtney
    $600 8
"the best song ever"

Courtney
    $600 25
(Alex: Less than a minute to go now.)

the Naval Academy

David
    $600 14
Isabella

Courtney
    $600 28
October

Triple Stumper
    $600 19
brandy

Annie
    $800 4
Homeland Security

Courtney
    $800 9
"best friends for life"

Courtney
    $800 26
Boston College

David
    $800 15
Victoria

Annie
    $800 20
Chianti

Annie
    $1000 5
(Courtney: What is Education?)
(David: What is the Department of Health and Human Services?)

the Department of Labor

CourtneyDavid
Triple Stumper
    $1000 10
"It was the best of times, it was the worst of times"

Courtney
    $1000 27
(David: What is LSU?)
(Courtney: What is Clemson?)

Auburn

CourtneyDavid
Triple Stumper
    $1000 16
Queen Juliana

Triple Stumper
    $1000 21
(Courtney: What is Pabst Blue Ribbon?)

Budweiser

Courtney
Triple Stumper

Scores at the first commercial break (after clue 16):

Courtney David Annie
$4,600 -$400 $1,400

Scores at the end of the Jeopardy! Round:

Courtney David Annie
$3,800 $0 $3,000

Double Jeopardy! Round responses

NATIONAL MEMORIALS
COMPLETE THE ORIGINAL STAR WARS LINE
BRITISH POETS
BEFORE & AFTER
IT'S A PROCESS
COMMUNI"K"ATION
(Alex: Each correct response will begin with the letter K.)
    $400 26
the Wright Brothers

Courtney
    $400 1
Force

Courtney
    $400 6
Elizabeth Barrett Browning

David
    $400 17
(Courtney: What is the Eiffel Tower of Babylon?)

the Eiffel Tower of Babel

CourtneyDavid
    $400 16
fracking

Courtney
    $400 7
kilohertz

David
    $800 27
the Potomac

David
    $800 2
blaster

David
    $800 12
(Alex: And that would be [*], 1400.)

Geoffrey Chaucer

Triple Stumper
    $800 19
Chris Christie Brinkley

Annie
    $800 18
canonization

Annie
    $800 8
a killer app

David
    $1200 28
Mount Rushmore

Annie
    $1200 3
Wookiee

David
    $1200 13
(Alex: Think Welsh, you've got to think about [*].)

Dylan Thomas

Triple Stumper
    $1200 20
Ho, ho, Ho Chi Minh

David
    $1200 23
(Alex: That's your [*].)

toilet

Triple Stumper
    $1200 9
kinescope

Triple Stumper
    $1600 30
Flood

Triple Stumper
    $1600 4
(Annie: What is a battle station?)

space station

DavidAnnie
    $1,000 14
Ted Hughes

Annie
    $1600 21
Finnegans Wake Forest

Triple Stumper
    $1,500 24
(Courtney: What is electricity?)

photography

Courtney
    $1600 10
kerning

Annie
    $2000 29
Roger Williams

Annie
    $2000 5
stormtrooper

Annie
    $2000 15
Matthew Arnold

Triple Stumper
    $2000 22
"Give me liberty or give me Death of a Salesman"

Courtney
    $2000 25
(Alex: Minute to go now.)

oxidation

David
    $2000 11
kanji

Triple Stumper

Scores at the end of the Double Jeopardy! Round:

Courtney David Annie
$5,100 $9,600 $10,800

[wagering suggestions for these scores]

Final Jeopardy! Round responses

ASIAN ISLANDS
(Alex: [To Courtney] You changed what you had written down. You started with Indonesia then went to the Philippines, it looks like. And both are incorrect.)
...
(Alex: [To David] He's looking very serious because he wrote down the Philippines. That's wrong. He wrote down Vietnam. That is wrong.)
CourtneyWhat is Indonesia Phill.
$3,800
DavidWhat is the Philippines Vietnam?
$1,601
AnnieWhat is Thailand
$10,300
Thailand

Final scores:

Courtney David Annie
$1,300 $7,999 $21,100
3rd place: $1,000 2nd place: $2,000 New champion: $21,100

Game dynamics:

Coryat scores:

Courtney David Annie
$6,200 $9,600 $11,400
16 R
(including 1 DD),
5 W
(including 1 DD)
14 R,
2 W
13 R
(including 1 DD),
1 W

Combined Coryat: $27,200

The J! Archive is created by fans, for fans. The Jeopardy! game show and all elements thereof, including but not limited to copyright and trademark thereto, are the property of Jeopardy Productions, Inc. and are protected under law. This website is not affiliated with, sponsored by, or operated by Jeopardy Productions, Inc. Join the discussion at JBoard.tv.